| 000 | 00615nam a22002297a 4500 | ||
|---|---|---|---|
| 003 | UA-OsUOA | ||
| 001 | 95534 | ||
| 007 | ta | ||
| 008 | 20130304b un ||||| |||| 00| 0 ukr d | ||
| 100 | _aКлдиашвили Д. | ||
| 090 |
_a821.353.1 _bК47 |
||
| 942 | _cBK | ||
| 040 |
_aUA-OsUOA _brus _cUA-OsUOA _dUA-OsUOA |
||
| 245 |
_aИзбранное _bрассказы |
||
| 300 | _a331 с. | ||
| 955 | _a3 | ||
| 041 | _arus | ||
| 080 | _a821.353.1 | ||
| 260 |
_aТбилиси _bЗаря Востока _c1956 |
||
| 650 | 7 |
_a82 Література. Літературознавство _2UDC |
|
| 999 |
_c381784 _d381784 |
||